Statystyki dla Quiz o flagach państw świata

Kliknij tutaj aby rozwiązać quiz!

Ogólne statystyki

  • Ten quiz został rozwiązany 11 866 razy
    (4 420 od ostatniego zresetowania)
  • Średni wynik to 13 z 19

Statystyki odpowiedzi

PytanieOdpowiedź% Poprawnych
Flaga którego państwa przedstawia czerwone koło na białym tle?Japonia
96%
Co reprezentują gwiazdy na fladze USA?50 stanów
95%
Co widnieje na fladze Kanady?Liść klonowy
94%
Co widnieje na fladze Turcji, Tunezji i innych muzułmańskich państwPółksiężyc
89%
Co znajduje się na flagach Urugwaju i ArgentynySłońce Majów
88%
Jaka gwiazda pojawia się na fladze Izraelu?Gwiazda {Dawida}
87%
Jaka flaga jest jedyna w nieregularnym ksztacie?Nepal
87%
Wymień państwa Europy, które mają na flagach tylko i wyłącznie trzy pasy: biały, niebieski i czerwonyFrancja
84%
Wymień państwa Europy, które mają na flagach tylko i wyłącznie biały niebieski i czerwonyHolandia
79%
Wymień państwa Europy, które mają na flagach tylko i wyłącznie biały niebieski i czerwonyRosja
79%
Nazwij jedno z państw, które mają dwugłowego orła na fladzeAlbania | Czarnogóra | Serbia
72%
Wymień państwa Europy, które mają na flagach tylko i wyłącznie biały niebieski i czerwonyLuksemburg
71%
Które afrykańskie państwo ma flagę podobną do flagi USA?Liberia
67%
Jak nazywana jest flaga Wielkiej Brytanii?{Union} Jack
58%
Na fladze jakiego państwa znajdziesz słowa "Ordem e Progresso"?Brazylia
50%
Które państwo ma na fladze masajską tarczę?Kenia
41%
Jaka konstelacja widnieje na flagach Australii, Nowej Zelandii i BrazyliiKrzyż Południa
31%
Jaki rodzaj drzewa widnieje na fladze Libanu?Cedr
28%
Jaki egzotyczny ptak pojawia się na fladze Papui Nowej Gwinei?{Rajski} ptak
19%

Rozkład punktacji

Percentyl według liczby udzielonych odpowiedzi

Procent ludzi z każdym wynikiem

Twoja historia wyników

Nie rozwiązałeś tego quizu od ostatniego zresetowania